Trvalo udržateľný rozvoj - výzva pre Slovensko

Guardado en:
Detalles Bibliográficos
Otros Autores: Mederly, Peter (Compilador)
Formato: Libro
Lenguaje:eslovaco
Publicado: Bratislava: REC Slovensko , 2001
Materias:
Etiquetas: Agregar Etiqueta
Sin Etiquetas, Sea el primero en etiquetar este registro!

MARC

LEADER 00000nam a22000003a 4500
001 stu75469
005 20150617225644.7
008 020419s2001------------------------slo-d
020 |a 809685917X 
040 |a STU  |b slo 
041 0 |a slo 
100 1 |a Mederly, Peter  |4 com 
245 1 |a Trvalo udržateľný rozvoj - výzva pre Slovensko 
260 |a Bratislava: REC Slovensko ,  |c 2001 
300 |a 127 s 
650 7 |a ekológia krajiny  |2 stusub 
650 7 |a ekologická architektúra  |2 stusub 
650 7 |a urbanistická ekonómia  |2 stusub 
650 7 |a územný manažment  |2 stusub 
996 |b 284AB00221  |c A*983 B  |l AAKNAR  |s A  |a 24  |w stu75469_0001